000 00936nam a2200241 i 4500
001 146336
003 ES-MaACL
005 20250829130333.0
007 t|
008 070906s1972 sp ||||1| cat d
100 1 _aTosquelles, Francesc (
_d1912-1994)
_9111103
245 1 3 _aLa práctica del maternatge terapèutic en els deficients mentals profunds /
_cFrancesc Tosquelles ; [versió catalana de Ramón Folch i Camarasa].
250 _a[1ª ed.].
260 _aBarcelona :
_bNova Terra,
_c[1972]
300 _a260 p. ;
_c20 cm.
490 1 _aCol.lecció Nadal. Serie de Psicopedagogía ;
_v32
650 4 _aNiños con discapacidad mental-
_xEducación.
_9148837
650 7 _aPedagogía terapéutica
_2embne
_915909
700 1 _aFolch i Camarasa, Ramon,
_d1926-
_951450
830 0 _aCol.lecció Nadal. Serie de Psicopedagogía ;
_v32
_9220832
852 _aES-MaACL
_jC-51172
_bR.82308
999 _c146336
_d146336